Lenin: crítica del subjetivismo y el objetivismo /

Salvato in:
Dettagli Bibliografici
Autore principale: Fedoseev, Piotr
Natura: testo
Tags: Aggiungi Tag
Nessun Tag, puoi essere il primo ad aggiungerne!!

MARC

LEADER 00000 a a2200000 04500
001 3141
003
040
100 |a Fedoseev, Piotr  
245 |a Lenin:   |b crítica del subjetivismo y el objetivismo /  |c Piotr Fedoseev 
773 |g número 1; páginas 17-33  
999 |c 26898  |d 26898